zpět

Detail výsledku týmu

Pub Na Plech ČT - Žižkov, Praha

Datum a čas kvízu

33.5 Celkem bodů Celkový počet nahraných bodů na tomto kvízu bez doplňovacích otázek.
4. Pořadí na kvízu Konečné umístění týmu na tomto kvízu.

Zaznamenané odpovědi

# Otázka Odpověď Body Výsledky
1. Který sběratelský předmět byl... poštovní známka 0
2. V úterý se v jisté evropské mo... Španělsko, princezna Leonor 0.5
3. Jedna kapela ve čtvrtek vydala... The Beatles 1
4. Minulý týden otevřel jistý ame... Popeye's 1
5. Lionel Messi získal poosmé cen... Erling Haaland, Kylian Mbappé 1
-14. O které významné ženě 18. stol... o Marii Antoinettě 1
-13. Ze dřeva kterého stromu bývají... z dubového dřeva 1
-14. Jak se v antické mytologii jme... Dionýsos 1
-11. Vinařská oblast Čechy se dělí... litoměřickou 1
-10. Snaha zabránit plýtvání při zp... grappa 1